[Event "UKR-POL U26"]
[Site "Lvov"]
[Date "2013.09.26"]
[Round "2"]
[White "Siedlinski, Piotr"]
[Black "Skliarov, Olexandr"]
[Result "1/2-1/2"]
[WhiteElo "2092"]
[BlackElo "2098"]
[PlyCount "37"]
[EventDate "2013.09.26"]
[EventType "team-swiss"]
[EventRounds "5"]
[EventCountry "UKR"]
[SourceTitle "CBM 156 Extra"]
[Source "ChessBase"]
[SourceDate "2013.10.22"]
[SourceVersion "1"]
[SourceVersionDate "2013.10.22"]
[SourceQuality "1"]
[WhiteTeam "Katowice Silesia Univ"]
[BlackTeam "Shevchenko Univ"]
[WhiteTeamCountry "POL"]
[BlackTeamCountry "UKR"]

1. e4 e6 2. d4 d5 3. Nd2 c5 4. exd5 Qxd5 5. Ngf3 cxd4 6. Bc4 Qd6 7. 0-0 Nf6 8. Nb3 a6 9. Nbxd4 b5 10. Bb3 Bb7 11. Re1 Be7 12. Bg5 Nc6 13. c3 0-0 14. Qe2 Nxd4 15. Nxd4 Ne4 16. Bxe7 Qxe7 17. Bc2 Nf6 18. Qe5 Rfd8 19. Rad1 1/2-1/2

[Event "Kiev Spring op"]
[Site "Kiev"]
[Date "2011.03.21"]
[Round "4.12"]
[White "Skliarov, Olexandr"]
[Black "Karnaukh, Anatolij"]
[Result "1/2-1/2"]
[WhiteElo "1986"]
[BlackElo "2193"]
[PlyCount "81"]
[EventDate "2011.03.19"]
[EventType "swiss"]
[EventRounds "9"]
[EventCountry "UKR"]
[SourceTitle "EXT 2012"]
[Source "ChessBase"]
[SourceDate "2011.11.24"]
[SourceVersion "1"]
[SourceVersionDate "2011.11.24"]
[SourceQuality "1"]

1. d4 d5 2. Nf3 Nf6 3. Bf4 c6 4. c3 Bf5 5. Qb3 Qb6 6. Nbd2 h6 7. h3 Nbd7 8. e3 e6 9. Be2 Be7 10. 0-0 0-0 11. Rac1 Qxb3 12. Nxb3 a5 13. c4 dxc4 14. Bxc4 Nb6 15. Nbd2 Na4 16. b3 Nb2 17. Ne5 Bb4 18. Nb1 Nxc4 19. bxc4 g5 20. Bh2 Rfd8 21. f3 Bxb1 22. Rxb1 c5 23. Rfd1 cxd4 24. exd4 Ne8 25. a3 Bxa3 26. Rxb7 Nd6 27. Rb3 Bb4 28. Nc6 Nxc4 29. Nxd8 Rxd8 30. Kf2 f5 31. Ke2 f4 32. Bg1 Nb6 33. Bf2 Nd5 34. Be1 Kf7 35. Bxb4 axb4 36. Kd3 Ra8 37. Rdb1 Kf6 38. R1b2 Kf5 39. Kc4 Rc8+ 40. Kd3 Ra8 41. Kc4 1/2-1/2

[Event "Kiev Spring op"]
[Site "Kiev"]
[Date "2011.03.20"]
[Round "3.10"]
[White "Zakharchenko, Arnold"]
[Black "Skliarov, Olexandr"]
[Result "1/2-1/2"]
[WhiteElo "2205"]
[BlackElo "1986"]
[PlyCount "66"]
[EventDate "2011.03.19"]
[EventType "swiss"]
[EventRounds "9"]
[EventCountry "UKR"]
[SourceTitle "EXT 2012"]
[Source "ChessBase"]
[SourceDate "2011.11.24"]
[SourceVersion "1"]
[SourceVersionDate "2011.11.24"]
[SourceQuality "1"]

1. d4 Nf6 2. c4 e6 3. Nc3 Bb4 4. e3 c5 5. Bd3 Nc6 6. Nf3 b6 7. 0-0 Bxc3 8. bxc3 d6 9. e4 e5 10. d5 Na5 11. Nd2 0-0 12. Nb3 Nxb3 13. axb3 Ne8 14. Qh5 g6 15. Qh6 f5 16. Bg5 Qc7 17. f4 exf4 18. Rxf4 Qg7 19. exf5 Bxf5 20. Bxf5 Rxf5 21. Rxf5 Qxh6 22. Bxh6 gxf5 23. Re1 Nf6 24. Re7 Re8 25. Rg7+ Kh8 26. Rxa7 Ng4 27. Bg7+ Kg8 28. g3 Re1+ 29. Kg2 Re2+ 30. Kg1 Re1+ 31. Kg2 Re2+ 32. Kg1 Re1+ 33. Kg2 Re2+ 1/2-1/2

[Event "Kiev Slavjanskoe bratstvo"]
[Site "Kiev"]
[Date "2010.08.24"]
[Round "2"]
[White "Skliarov, Olexandr"]
[Black "Malienko, Alexander"]
[Result "0-1"]
[WhiteElo "1949"]
[BlackElo "2184"]
[PlyCount "72"]
[EventDate "2010.06.22"]
[EventType "swiss"]
[EventRounds "9"]
[EventCountry "UKR"]
[SourceTitle "EXT 2011"]
[Source "ChessBase"]
[SourceDate "2010.11.26"]
[SourceVersion "1"]
[SourceVersionDate "2010.11.26"]
[SourceQuality "1"]

1. d4 Nf6 2. Nf3 c5 3. c3 d5 4. Bf4 Nc6 5. e3 e6 6. Ne5 Nd7 7. Nf3 Be7 8. Bd3 0-0 9. Qc2 f5 10. Nbd2 c4 11. Be2 b5 12. b3 g5 13. Be5 g4 14. Ng1 Ndxe5 15. dxe5 Nxe5 16. h3 g3 17. fxg3 Qc7 18. 0-0-0 Bb7 19. Ngf3 cxb3 20. axb3 Nxf3 21. Nxf3 b4 22. g4 bxc3 23. Rd4 Bc5 24. Rd3 Rac8 25. gxf5 Ba6 26. fxe6 Bxd3 27. Bxd3 Bxe3+ 28. Kb1 Rb8 29. Re1 d4 30. e7 Qxe7 31. Nxd4 Qh4 32. Rxe3 Qxd4 33. Bxh7+ Kh8 34. Rd3 Rf1+ 35. Ka2 Qf6 36. Rf3 Qa6# 0-1